000 00334nam a2200133Ia 4500
005 20251222155145.0
008 251222s9999||||xx |||||||||||||| ||spa||
082 _aPED.56.1-2
100 _aMEDRANO RIOS,Mery.
245 0 _aNIÑOS Guía de atención para el menor de 5 años
250 _a1ra. ed.
264 _bMinsa
942 _cLIB
999 _c39333
_d39333